| 000 -LEADER |
| fixed length control field |
00433cam a2200133 a 4500 |
| 020 ## - INTERNATIONAL STANDARD BOOK NUMBER |
| ISBN |
2864803798 : |
| 040 ## - CATALOGING SOURCE |
| Transcribing agency |
DLC |
| 082 ## - DEWEY DECIMAL CLASSIFICATION NUMBER |
| Classification number |
330 PRE 1992 A068 Co. |
| 100 1# - MAIN ENTRY--AUTHOR NAME |
| Personal name |
Blanadet, Raymond. |
| 245 12 - TITLE STATEMENT |
| Title |
L'Asie du Sud-Est : |
| Remainder of title |
nouvelle puissance économique : Indonésie, Philippines, Thaïlande, Malaysia, Singapour / |
| 260 ## - PUBLICATION, DISTRIBUTION, ETC. (IMPRINT) |
| Place of publication |
Nancy : |
| Name of publisher |
Presses universitaires de Nancy, |
| Year of publication |
c1992. |
| 300 ## - PHYSICAL DESCRIPTION |
| Number of Pages |
344 p. : |
| Other physical details |
ill. ,; |
| Dimensions |
24 cm. |
| 942 ## - ADDED ENTRY ELEMENTS (KOHA) |
| Koha item type |
សៀវភៅភាសាបារាំង |
| 952 ## - LOCATION AND ITEM INFORMATION (KOHA) |
| Withdrawn status [LOCAL, KOHA] |
0 |
| 952 ## - LOCATION AND ITEM INFORMATION (KOHA) |
| Withdrawn status [LOCAL, KOHA] |
0 |